书目信息 |
| 题名: |
商务谈判原理与技巧
|
|
| 作者: | 周忠兴 主编 | |
| 分册: | ||
| 出版信息: | 南京 东南大学出版社 2003.12 |
|
| 页数: | 274页 | |
| 开本: | 26cm | |
| 丛书名: | 高等职业教育经济管理类专业教材 | |
| 单 册: | ||
| 中图分类: | F715.4 | |
| 科图分类: | 29.445 | |
| 主题词: | 贸易谈判--Mao Yi Tan Pan | |
| 电子资源: | ||
| ISBN: | 7-81050-903-9 | |
| 000 | 01081nam 2200265 450 | |
| 001 | CAL 012004047458 | |
| 005 | 20060530085252.34 | |
| 010 | @a7-81050-903-9@dCNY 28.00 | |
| 099 | @aCAL 012004047458 | |
| 100 | @a20040511d2003 em y0chiy0121 ea | |
| 101 | 0 | @achi |
| 102 | @aCN@b320000 | |
| 200 | 1 | @a商务谈判原理与技巧@AShang Wu Tan Pan Yuan Li Yu Ji Qiao@f周忠兴主编@Fzhou zhong xing zhu bian |
| 210 | @a南京@c东南大学出版社@d2003.12 | |
| 215 | @a274页@c图@d26cm | |
| 225 | 2 | @a高等职业教育经济管理类专业教材@AGao Deng Zhi Ye Jiao Yu Jing Ji Guan Li Lei Zhuan Ye Jiao Cai |
| 320 | @a有书目 (第274页)。 | |
| 330 | @a本书有对谈判原理和规律的透彻描写,又有对谈判实务和技巧的详实介绍,同时加入了丰富而生动的案例分析和技巧训练,尤其是在谈判的理念、原则及谈判的策略及战术等方面有了较大的创新和提高,使之更切合现代商务实践的要求。 | |
| 410 | 0 | @12001 @a高等职业教育经济管理类专业教材 |
| 606 | 0 | @a贸易谈判@AMao Yi Tan Pan |
| 690 | @aF715.4@v4 | |
| 692 | @a29.445@v3 | |
| 701 | 0 | @a周忠兴@AZhou Zhong Xing@4主编 |
| 801 | 0 | @aCN@bDUTL@c20060530 |
| 905 | @a10447@dF715.4@eZ817 | |
| 商务谈判原理与技巧/周忠兴主编.-南京:东南大学出版社,2003.12 |
| 274页:图;26cm.-(高等职业教育经济管理类专业教材) |
| ISBN 7-81050-903-9:CNY 28.00 |
| 本书有对谈判原理和规律的透彻描写,又有对谈判实务和技巧的详实介绍,同时加入了丰富而生动的案例分析和技巧训练,尤其是在谈判的理念、原则及谈判的策略及战术等方面有了较大的创新和提高,使之更切合现代商务实践的要求。 |
| ● |
| 相关链接 |
|
|
|
正题名:商务谈判原理与技巧
索取号:F715.4/Z817
 
预约/预借
| 序号 | 登录号 | 条形码 | 馆藏地/架位号 | 状态 | 备注 |
| 1 | 603728 | 206037288 | 社科库409/409社科库 45排6列2层/ [索取号:F715.4/Z817] | 在馆 | |
| 2 | 603729 | 206037297 | 社科库409/409社科库 45排6列2层/ [索取号:F715.4/Z817] | 在馆 |